000 00486nam a2200169 4500
001 109577
003 ES-MaACL
005 20230906184853.0
007 t|
008 061121s1918 sp r ||||1| spa d
100 1 _aMundi y Giro, Santiago.
_984181
245 1 0 _aLecciones de geometría analítica /
_cSantiago Mundi y Giro.
250 _a4ª. ed.
260 _aBarcelona :
_b[s.n.],
_c1916 (
_fImp. Pedro Ortega)
300 _a576 p. :
_bil. ;
_c22 cm.
852 _aES-MaACL
_jF-4281
999 _c109577
_d109577